000 01415nam a22002417a 4500
005 20110408105146.0
020 _a9788184791952
_c25.00
035 _aB-432394-398
037 _aDPL
_bBlue Berry
082 _aS
100 _aKumar, Mala
_929823
245 _aRitu's letter gets longer/
_cby Mala Kumar ; illustrated by Henu
260 _aNew Delhi
_bPratham Books
_c2010
270 _a633-634,4th "C" Main,6th 'B' Cross, OMBR Layout Banaswadi,
_bBangalore
_e560043
_k911141042483 (New Delhi)
300 _a20p.
_bill.
_c23cm.(pbk)
942 _2ddc
_cCH
_hS
_mKUM
999 _c51516
_d51516